| 000 -LEADER |
| fixed length control field |
01061nam a2200265Ia 4500 |
| 001 - CONTROL NUMBER |
| control field |
18088 |
| 003 - CONTROL NUMBER IDENTIFIER |
| control field |
GE_BSU |
| 008 - FIXED-LENGTH DATA ELEMENTS--GENERAL INFORMATION |
| fixed length control field |
181216s||||||||xx |||||||||||||| ||und|| |
| 040 ## - CATALOGING SOURCE |
| Transcribing agency |
GE_BSU |
| 080 ## - UNIVERSAL DECIMAL CLASSIFICATION NUMBER |
| Universal Decimal Classification number |
81(045) |
| 100 ## - MAIN ENTRY--PERSONAL NAME |
| Personal name |
გამყრელიძე, თამაზ |
| 245 ## - TITLE STATEMENT |
| Title |
ენა და ენობრივი ნიშანი = Language & the linguistic sign |
| 245 ## - TITLE STATEMENT |
| Remainder of title |
სტატიების კრებული |
| 245 ## - TITLE STATEMENT |
| Statement of responsibility, etc. |
რედ. ეთერ სოსელია, თანარედ. ნოდარ გიოშვილი |
| 250 ## - EDITION STATEMENT |
| Edition statement |
საქ. მეცნ. ეროვნ. აკად. |
| 260 ## - PUBLICATION, DISTRIBUTION, ETC. |
| Place of publication, distribution, etc. |
თბილისი |
| 260 ## - PUBLICATION, DISTRIBUTION, ETC. |
| Name of publisher, distributor, etc. |
საქ. მეცნ. ეროვნ. აკად |
| 260 ## - PUBLICATION, DISTRIBUTION, ETC. |
| Date of publication, distribution, etc. |
2008 |
| 300 ## - PHYSICAL DESCRIPTION |
| Extent |
207გვ. : ფოტ. ; 24სმ |
| 520 ## - SUMMARY, ETC. |
| Summary, etc. |
ბიბლიოგრ. ტექსტ. შენიშვნ. |
| 653 ## - INDEX TERM--UNCONTROLLED |
| Uncontrolled term |
ენა და ენობრივი ნიშანი |
| 653 ## - INDEX TERM--UNCONTROLLED |
| Uncontrolled term |
ქართული ენა |
| 942 ## - ADDED ENTRY ELEMENTS (KOHA) |
| Koha item type |
წიგნი |